Loading...
| History - European | 0 | 6 | 0 | 0 | 60 | 67 | 101.83 | 1 | 2 | 0.00 | 0.00 |
| Other Academic | 0 | 5 | 0 | 0 | 50 | 66 | 92.60 | 2 | 3 | 0.00 | 0.00 |
| Literature - European | 0 | 5 | 0 | 1 | 50 | 108 | 136.40 | 0 | 1 | 0.00 | 0.00 |
| Philosophy | 0 | 4 | 0 | 0 | 40 | 68 | 103.00 | 0 | 2 | 0.00 | 0.00 |
| Literature - World | 0 | 4 | 0 | 2 | 40 | 81 | 117.50 | 1 | 1 | 0.00 | 0.00 |
| Social Science | 0 | 4 | 1 | 0 | 35 | 103 | 113.25 | 0 | 0 | 0.00 | 0.00 |
| Literature - British | 0 | 3 | 0 | 0 | 30 | 80 | 97.67 | 0 | 0 | 0.00 | 0.00 |
| Fine Arts - Classical Music | 0 | 3 | 0 | 0 | 30 | 133 | 139.33 | 0 | 0 | 0.00 | 0.00 |
| Fine Arts - Painting & Sculpture | 0 | 3 | 0 | 0 | 30 | 63 | 100.00 | 2 | 2 | 0.00 | 0.00 |
| History - Other | 0 | 3 | 2 | 1 | 20 | 76 | 110.33 | 0 | 1 | 0.00 | 0.00 |
| History - American | 0 | 2 | 0 | 1 | 20 | 119 | 126.00 | 0 | 0 | 0.00 | 0.00 |
| Religion | 0 | 2 | 0 | 0 | 20 | 100 | 101.00 | 1 | 1 | 0.00 | 0.00 |
| Fine Arts - Other | 0 | 2 | 1 | 0 | 15 | 98 | 119.00 | 0 | 0 | 0.00 | 0.00 |
| Mythology | 0 | 2 | 1 | 0 | 15 | 91 | 105.50 | 1 | 1 | 0.00 | 0.00 |
| Science - Chemistry | 0 | 2 | 1 | 1 | 15 | 130 | 132.50 | 0 | 0 | 0.00 | 0.00 |
| Current Events | 0 | 1 | 0 | 0 | 10 | 70 | 70.00 | 0 | 1 | 0.00 | 0.00 |
| Science - Other | 0 | 1 | 0 | 0 | 10 | 86 | 86.00 | 1 | 1 | 0.00 | 0.00 |
| Science - Physics | 0 | 1 | 0 | 0 | 10 | 131 | 131.00 | 0 | 0 | 0.00 | 0.00 |
| Geography | 0 | 1 | 0 | 1 | 10 | 139 | 139.00 | 0 | 0 | 0.00 | 0.00 |
| History - World | 0 | 1 | 1 | 0 | 5 | 126 | 126.00 | 0 | 0 | 0.00 | 0.00 |
| Science - Biology | 0 | 1 | 1 | 0 | 5 | 73 | 73.00 | 0 | 0 | 0.00 | 0.00 |